Top 10 des pays avec la police la plus corrompue - Statistiques

Statistiques générales
  • Ce quiz a été pris 224 fois
  • Le résultat moyen est 3 sur 10
Statistiques - réponses
Score Index Pays % Correct
7.97 Mexique
91%
8.05 Venezuela
56%
8.32 Honduras
34%
8 Guatemala
27%
8.08 Paraguay
16%
7.91 République Dominicaine
13%
7.88 Kenya
12%
7.98 Ukraine
10%
7.92 Tanzanie
9%
8.05 Ouganda
7%
Aucun quiz correspondant
Distribution des résultats
% des personnes avec chaque résultat
Percentile par nombre de réponses
Votre historique - résultats
Vous n’avez pas pris ce quiz